Annual review 2001 (Record no. 102162)

MARC details
000 -LEADER
fixed length control field 00539cam a2200205 4500
001 - CONTROL NUMBER
control field J118701
008 - FIXED-LENGTH DATA ELEMENTS--GENERAL INFORMATION
fixed length control field 020704n2002 000 0 eng u
035 ## - SYSTEM CONTROL NUMBER
System control number (Sirsi) u118701
041 0# - LANGUAGE CODE
Language code of text/sound track or separate title eng
050 04 - LIBRARY OF CONGRESS CALL NUMBER
Classification number 333.0062 $2 18
110 2# - MAIN ENTRY--CORPORATE NAME
Corporate name or jurisdiction name as entry element LionHeart
245 00 - TITLE STATEMENT
Title Annual review 2001
260 ## - PUBLICATION, DISTRIBUTION, ETC.
Place of publication, distribution, etc. Coventry
Name of publisher, distributor, etc. LionHeart
Date of publication, distribution, etc. 2002
300 ## - PHYSICAL DESCRIPTION
Extent [7]p.
Dimensions 30cm.
490 #0 - SERIES STATEMENT
Series statement LionHeart Annual Report
490 #0 - SERIES STATEMENT
Series statement LionHeart Financial Statements
651 #4 - SUBJECT ADDED ENTRY--GEOGRAPHIC NAME
Geographic name International
690 ## - LOCAL SUBJECT ADDED ENTRY--TOPICAL TERM (OCLC, RLIN)
Topical term or geographic name as entry element ABOUT RICS-RELATED ORGANISATIONS-LIONHEART
942 ## - ADDED ENTRY ELEMENTS (KOHA)
Suppress in OPAC 0
Holdings
Withdrawn status Lost status Source of classification or shelving scheme Damaged status Not for loan Home library Current library Shelving location Date acquired Total Checkouts Full call number Barcode Date last seen Copy number Price effective from Koha item type
    Dewey Decimal Classification     London London RICS Boxes 04/07/2002   RICS 2002/21 30066094 06/08/2019 1 06/08/2019 Archive
    Dewey Decimal Classification     London London RICS Boxes 15/04/2005   RICS 2002/21 30070521 06/08/2019 2 06/08/2019 Reference material